00000000nam##2200000za#4500
0019.617093
003CaOODSP
00520210615101949
007ta
008150406|2004||||xxc|||||     f|0| 0 eng|d
040 |aCaOODSP|beng
043 |an-cn---
0861 |aNH18-22/104-112E
1102 |aCanada Mortgage and Housing Corporation.
24510|aCanadian home inspectors and building officials national initiative phase two : |bdevelopment of national certification and accreditation models
260 |bCanada Mortgage and Housing Corporation |c2004.
300 |a[4]p. ; |c28 cm.
4901 |aResearch highlight. Technical series|v04-112
5203 |aThese technical papers summarize a wide range of housing-related studies, reports, and manuals. They examine issues as diverse as low-maintenance northern landscaping; policy options for achieving healthy indoor air quality; and various aspects of building performance, including high-rise building envelope performance, performance of various building materials, and evaluations of district heating systems.
563 |aPamphlet
590 |a04-41|b2004-10-08
77508|tDeuxième phase de l'initiative nationale visant les inspecteurs en bâtiment et les agents du bâtiment du Canada : |w(CaOODSP)9.626718
7760#|tCanadian home inspectors and building officials national initiative phase two : |w(CaOODSP)9.581163
830#0|aResearch highlight. Technical series ;|v04-112|w(CaOODSP)9.514826